| 000 -LEADER |
| fixed length control field |
00914nam a22001817a 4500 |
| 020 ## - INTERNATIONAL STANDARD BOOK NUMBER |
| ISBN |
9798284522172 |
| 082 ## - DEWEY DECIMAL CLASSIFICATION NUMBER |
| Classification number |
363.72 |
| Item number |
H319 2025 |
| 100 ## - MAIN ENTRY--AUTHOR NAME |
| Personal name |
Harrison, Kyle, author. |
| 245 ## - TITLE STATEMENT |
| Title |
The prepper's guide to personal hygiene and sanitation : staying clean and healthy when resources are limited / Kyle Harrison. |
| 260 ## - PUBLICATION, DISTRIBUTION, ETC. (IMPRINT) |
| Place of publication |
[Place of publication not identified] : |
| Name of publisher |
[Publisher not identified], |
| Year of publication |
©2025. |
| 300 ## - PHYSICAL DESCRIPTION |
| Number of Pages |
1 electronic resource, 57 pages. |
| 520 ## - SUMMARY, ETC. |
| Summary, etc |
Provides practical, field-tested methods for maintaining health and cleanliness during long-term emergencies when modern sanitation is unavailable. The guide emphasizes water-conserving hygiene techniques, effective waste management via bucket toilets, and disease prevention to avoid infections in survival situations. |
| 650 ## - SUBJECT ADDED ENTRY--TOPICAL TERM |
| Topical Term |
Survival skills. |
| 650 ## - SUBJECT ADDED ENTRY--TOPICAL TERM |
| Topical Term |
Hygiene. |
| 650 ## - SUBJECT ADDED ENTRY--TOPICAL TERM |
| Topical Term |
Handbooks. |
| 650 ## - SUBJECT ADDED ENTRY--TOPICAL TERM |
| Topical Term |
Manuals. |
| 942 ## - ADDED ENTRY ELEMENTS (KOHA) |
| Koha item type |
Electronic Books |